| 000 | 01159nam0a22002891 4500 | ||
|---|---|---|---|
| 001 | rc\690287 | ||
| 005 | 20250621212920.0 | ||
| 035 | _a(NLR Aleph) 005927009 | ||
| 090 |
_a6537868 _c6537868 |
||
| 100 | _a20031121d1985 |||y0rusy50 ca | ||
| 101 | 0 | _arus | |
| 102 | _aRU | ||
| 105 | _aa ||||||||| | ||
| 200 | 1 |
_aПространственно-временная структура зарядов и токов, наведенных импульсом РЭП в канале с омической проводимостью _fДьяченко В.Ф., Ходатаев К.В., Шаханова Е.В. |
|
| 210 |
_aМ. _cИПМ _d1985 |
||
| 215 |
_a21 с. _cил. _d20 |
||
| 225 | 1 |
_aПрепринт _fИн-т прикл. математики им. М.В. Келдыша АН СССР _v№ 120 |
|
| 300 | _aРез. на англ. яз. | ||
| 320 | _aБиблиогр.: с. 13 | ||
| 700 | 1 |
_aДьяченко _bВ.Ф. _f1929- _gВладимир Федотович |
|
| 701 | 1 |
_aХодатаев _bК.В. |
|
| 701 | 1 |
_aШаханова _bЕ.В. |
|
| 801 | 0 |
_aRU _bNLR _gpsbo |
|
| 801 | 1 |
_aRU _bELAR _2rusmarc |
|
| 852 |
_aNLR _j86-4/26860 |
||
| 942 | _cBOOK | ||
| 980 | _aNB | ||